000 005380000a22001930004500
999 _c49035
_d49035
001 1882
003 CO-MdFUSB
005 20171006154747.0
008 170831b xxu||||| |||| 00| 0 eng d
040 _cCO-MdBIC
082 0 4 _a790 H86al
100 1 _aHughes Desingn Stephen.
110 1 _aEditorial Panamericana.
245 1 0 _aAnimales de Lagos y Ríos. / Stephen Hughes Desingn.
260 _aBogotá.
300 _a5 p.
500 _aDirigido a niños mayores de 6 años. Contiene rompecabezas. Texto didáctico.
942 _cLGB